[Event "Veselin Boskovic Mem"]
[Site "Belgrade YUG"]
[Date "2000.10.03"]
[Round "1"]
[White "Andersson,U"]
[Black "Romanishin,O"]
[Result "1/2-1/2"]
[WhiteElo "2641"]
[BlackElo "2591"]

1.Nf3 Nf6 2.c4 g6 3.g3 Bg7 4.Bg2 d6 5.Nc3 O-O 6.O-O e5 7.d4 Qe8 8.dxe5 dxe5
9.Nd5 Na6 10.Nxf6+ Bxf6 11.Bh6 Bg7 12.Bxg7 Kxg7 13.a3 Qe7 14.Qc2 Re8 15.Nd2 c6
16.b4  1/2-1/2

[Event "Veselin Boskovic Mem"]
[Site "Belgrade YUG"]
[Date "2000.10.04"]
[Round "2"]
[White "Andersson,U"]
[Black "Markovic,Miros"]
[Result "1/2-1/2"]
[WhiteElo "2641"]
[BlackElo "2558"]

1.Nf3 c5 2.c4 Nc6 3.Nc3 g6 4.e3 d6 5.d4 Bg4 6.Be2 Bg7 7.O-O Nf6 8.d5 Na5
9.Bd2 O-O 10.b3 e5 11.e4 a6 12.Rb1 b6 13.Be3 Nb7 14.Ne1 Bxe2 15.Qxe2 Nd7
16.f3 f5 17.g4 Qe7 18.Nd3 f4 19.Bf2  1/2-1/2

[Event "Veselin Boskovic Mem"]
[Site "Belgrade YUG"]
[Date "2000.10.07"]
[Round "4"]
[White "Andersson,U"]
[Black "Xie Jun"]
[Result "1-0"]
[WhiteElo "2641"]
[BlackElo "2568"]

1.Nf3 Nf6 2.c4 g6 3.g3 Bg7 4.Bg2 O-O 5.O-O d5 6.cxd5 Nxd5 7.Nc3 Nc6 8.d4 Nb6
9.e3 Re8 10.b3 e5 11.Nxe5 Nxe5 12.dxe5 Qxd1 13.Rxd1 Bxe5 14.Bb2 c6 15.Rd2 Bf5
16.Rad1 Bf6 17.Bf3 Kf8 18.g4 Be6 19.Kg2 a5 20.h3 h6 21.Na4 Bxb2 22.Nxb6 Ra6
23.Nd7+ Bxd7 24.Rxd7 Re7 25.Rd8+ Re8 26.Be2 Ra7 27.a4 b6 28.Bf3 Rc7 29.R1d7 Be5
30.h4 Rxd7 31.Rxd7 Re7 32.Rd2 Re6 33.Rc2 c5 34.Be2 g5 35.h5 Rd6 36.Bc4 Ke7
37.Kf3 Rd1 38.Ke4 Bc7 39.Kf5 Rd6 40.Re2 Bb8 41.Ke4 Kf6 42.Bd3 Rd7 43.Re1 Bc7
44.Rf1 Bb8 45.Rh1 Be5 46.Rh3 Bc3 47.Bc4 Be1 48.Bd5 Bd2 49.Rf3+ Kg7 50.Rf5 Be1
51.Kf3 c4 52.bxc4 Bb4 53.Ke2 Bc5 54.Rf3 Bb4 55.Kd3 Re7 56.Rh3 Bd6 57.Rh1 Bc5
58.Ke2 Rd7 59.Rd1 Re7 60.Bf3 Kf8 61.Bc6 Re6 62.Rd8+ Ke7 63.Rd7+ Ke8 64.Bb5 Kf8
65.Rc7 Kg7 66.Bc6 Re7 67.Rc8 Kf6 68.Rg8 Re5 69.Kd3 Re6 70.Be4 Rd6+ 71.Bd5 Ke5
72.f4+ gxf4 73.Re8+ Kf6 74.exf4 Kg7 75.Ke4 Rd7 76.Rc8 Re7+ 77.Kf5 Re1 78.Rc7 Re7
79.Rc6 Bd4 80.g5 hxg5 81.h6+ Kh7 82.fxg5 Re5+ 83.Kf4 Re1  1-0

[Event "Veselin Boskovic Mem"]
[Site "Belgrade YUG"]
[Date "2000.10.08"]
[Round "5"]
[White "Ilincic,Z"]
[Black "Andersson,U"]
[Result "0-1"]
[WhiteElo "2563"]
[BlackElo "2641"]

1.d4 Nf6 2.c4 e6 3.Nf3 Bb4+ 4.Bd2 Bxd2+ 5.Qxd2 O-O 6.g3 d5 7.Bg2 Nbd7 8.O-O c6
9.Na3 b6 10.Rac1 Bb7 11.Rfd1 Qe7 12.Ne5 Rac8 13.f4 Rfd8 14.Rc2 Nxe5 15.fxe5 Nd7
16.Rdc1 f6 17.exf6 Nxf6 18.Qe3 Ng4 19.Qf4 Nf6 20.Bh3 Rb8 21.Qe5 Re8 22.Nb1 Nd7
23.Qe3 Nf6 24.Qe5 Nd7 25.Qc7 Nf6 26.Qxe7 Rxe7 27.Nd2 e5 28.e3 dxc4 29.dxe5 Rxe5
30.Nxc4 Re7 31.b4 Rd8 32.Re1 Ne4 33.Bg2 c5 34.bxc5 Nxc5 35.Bxb7 Rxb7 36.e4 Re7
37.e5 Rd4 38.Re3 h6 39.Nd2 Rd3 40.Re1 Nd7 41.Nc4 b5 42.Nb2 Rd5 43.e6 Nc5
44.Re3 h5 45.Rec3 Ne4 46.Re3 Rxe6 47.Rce2 Rd4 48.h4 a5 49.Kg2 a4 50.Nd3 Nxg3
51.Kxg3 Rxd3 52.Rxd3 Rxe2 53.a3 Re5 54.Kf4 Rc5 55.Rd8+ Kh7 56.Rb8 g6 57.Rb6 Kh6
58.Rb8 Rc3 59.Rh8+ Kg7 60.Rb8 Rxa3 61.Rxb5 Rh3 62.Rb4 Rxh4+ 63.Kg5 Rg4+  0-1

[Event "Veselin Boskovic Mem"]
[Site "Belgrade YUG"]
[Date "2000.10.09"]
[Round "6"]
[White "Andersson,U"]
[Black "Beliavsky,A"]
[Result "1/2-1/2"]
[WhiteElo "2641"]
[BlackElo "2654"]

1.d4 Nf6 2.c4 e6 3.Nf3 d5 4.Nc3 Be7 5.Bg5 h6 6.Bh4 O-O 7.e3 b6 8.cxd5 Nxd5
9.Bxe7 Qxe7 10.Rc1 Bb7 11.Be2 Rd8 12.O-O  1/2-1/2

[Event "Veselin Boskovic Mem"]
[Site "Belgrade YUG"]
[Date "2000.10.10"]
[Round "7"]
[White "Ivanovic,B"]
[Black "Andersson,U"]
[Result "1/2-1/2"]
[WhiteElo "2476"]
[BlackElo "2641"]

1.e4 e6 2.d4 d5 3.Nc3 Nf6 4.Bg5 dxe4 5.Nxe4 Be7 6.Bxf6 gxf6 7.Nf3 b6 8.Bd3 Bb7
9.Qe2 Nc6 10.c3 Rg8 11.O-O Qd7 12.a4 a5 13.Rfe1 O-O-O 14.Ba6  1/2-1/2

[Event "Veselin Boskovic Mem"]
[Site "Belgrade YUG"]
[Date "2000.10.11"]
[Round "8"]
[White "Andersson,U"]
[Black "Damljanovic,B"]
[Result "1/2-1/2"]
[WhiteElo "2641"]
[BlackElo "2559"]

1.Nf3 Nf6 2.c4 g6 3.g3 Bg7 4.Bg2 O-O 5.O-O d6 6.Nc3 c6 7.d4 Qa5 8.Qd2 Re8
9.b3 Na6 10.Bb2 Qh5 11.Qg5 Qxg5 12.Nxg5 h6 13.Nf3 e5 14.e3  1/2-1/2

[Event "34th Olympiad"]
[Site "Istanbul TUR"]
[Date "2000.10.30"]
[Round "3"]
[White "Andersson,U"]
[Black "Gonzalez,Bernal"]
[Result "1/2-1/2"]
[WhiteElo "2641"]
[BlackElo "2428"]

1.Nf3 f5 2.d4 Nf6 3.Bg5 e6 4.Nbd2 d5 5.e3 Bd6 6.c4 c6 7.Bd3 O-O 8.O-O h6
9.Bf4 Bxf4 10.exf4 Bd7 11.Qb3 Qb6 12.c5 Qc7 13.Ne5 Be8 14.Qc2 Nbd7 15.b4 g5
16.fxg5 hxg5 17.Nxd7 Qxd7 18.Nf3 Qg7 19.Qd2 g4 20.Ne5 Nd7 21.Rae1 Rf6 22.a4 Qh6
23.Qxh6 Rxh6 24.b5 Nxe5 25.Rxe5 Bd7 26.g3 Kf7 27.Rfe1 Rah8 28.h4 gxh3 29.Kh2 Rf6
30.f3 Rg8 31.R5e2 Rh8 32.Rb2 Rg6 33.f4 Kf6 34.a5 cxb5 35.Bxb5 Bxb5 36.Rxb5 Rg7
37.Re2 Rc7 38.Ra2 Rhh7 39.Rab2 Kg6 40.R5b4 Kf6 41.R4b3 Kg6 42.a6 bxa6 43.Ra3 Rc6
44.Rba2 Kf6 45.Ra4 Kg6 46.Rb2 Kf6 47.Rb8 Rcc7 48.Rb2 Rc6 49.Raa2 Kg6 50.Rb8 Kf6
51.Rab2 a5 52.Ra2 Ra6 53.Rc8 a4 54.c6 a3 55.c7 Rf7 56.Rc2 a2 57.Rh8 Rxc7
58.Rxc7 Kg6 59.Rg8+ Kh6  1/2-1/2

[Event "34th Olympiad"]
[Site "Istanbul TUR"]
[Date "2000.11.01"]
[Round "5"]
[White "Andersson,U"]
[Black "Krasenkow,M"]
[Result "1/2-1/2"]
[WhiteElo "2641"]
[BlackElo "2702"]

1.Nf3 d5 2.d4 c6 3.c4 e6 4.Qc2 Nf6 5.g3 b6 6.Bg2 Bb7 7.O-O Nbd7 8.Nc3 dxc4
9.Nd2 a6 10.Nxc4 b5 11.Ne5 Nxe5 12.dxe5 Nd5 13.Rd1 Qb8 14.Nxd5 cxd5 15.Bf4 Be7
16.e4 dxe4 17.Rac1 O-O 18.Rd7 Bd8 19.Rxb7 Qxb7 20.Bxe4 Qb8 21.Bxa8 Qxa8 22.Qc6 Be7
23.Be3 Rd8 24.Qxa8 Rxa8 25.Rc7 Kf8 26.b3 Ke8 27.Kg2 a5 28.Kf3 b4 29.Ke4 Bd8
30.Rc4 Be7 31.Rc7 Bd8 32.Rc4 Be7 33.Rc7  1/2-1/2

[Event "34th Olympiad"]
[Site "Istanbul TUR"]
[Date "2000.11.10"]
[Round "13"]
[White "Andersson,U"]
[Black "Korchnoi,V"]
[Result "1/2-1/2"]
[WhiteElo "2641"]
[BlackElo "2620"]

1.Nf3 c5 2.c4 Nf6 3.g3 d5 4.cxd5 Nxd5 5.Bg2 Nc6 6.d4 cxd4 7.Nxd4 Ndb4 8.Nxc6 Qxd1+
9.Kxd1 Nxc6 10.Bxc6+ bxc6 11.Nc3 e5 12.Be3 Bf5 13.f3 Bb4  1/2-1/2

[Event "TCh-FRA"]
[Site "Monaco FRA"]
[Date "2001.02.02"]
[Round "1"]
[White "Andersson,U"]
[Black "Lepelletier,B"]
[Result "1/2-1/2"]
[WhiteElo "2640"]
[BlackElo "2467"]

1.Nf3 c5 2.c4 Nf6 3.g3 d5 4.cxd5 Nxd5 5.Bg2 Nc6 6.Nc3 Nxc3 7.bxc3 g6 8.O-O Bg7
9.Rb1 O-O 10.Qa4 Qc7 11.d4 Bf5 12.Bf4 Qd7 13.Rbd1 cxd4 14.cxd4 Rfd8 15.d5 Ne5
16.Qxd7 Nxf3+ 17.Bxf3 Rxd7 18.g4 Bc2 19.Rd2 Ba4 20.Rc1 Rad8 21.e4 e6 22.g5 exd5
23.exd5 Bf8 24.Rd4 b5 25.Rc7 b4 26.Kg2 a5 27.h4 Bb5 28.Rxd7 Rxd7 29.d6 Rd8
30.Kg3 Bd7 31.Bg4 Bxg4 32.Kxg4 Rd7 33.Be5 f5+ 34.gxf6 Kf7 35.Rd5 a4 36.f4 b3
37.axb3 axb3 38.Rb5 Bxd6 39.Rxb3 Bf8 40.h5 Ra7 41.Rb8 gxh5+ 42.Kxh5 Rd7 43.Kg5 Ra7
44.Kf5 Rd7 45.Rb1 Ra7 46.Rh1 h6 47.Rb1 Rd7 48.Ra1 Rb7 49.Ra8 Rd7 50.Ke4 Kg8
51.Bd4 Kf7 52.Rc8 Rb7 53.Kd5 Rd7+ 54.Kc4 Bd6 55.Be5 Bxe5 56.fxe5  1/2-1/2

[Event "TCh-FRA"]
[Site "Monaco FRA"]
[Date "2001.02.03"]
[Round "2"]
[White "Kazhgaleyev,M"]
[Black "Andersson,U"]
[Result "1/2-1/2"]
[WhiteElo "2571"]
[BlackElo "2640"]

1.e4 c5 2.Nf3 e6 3.g3 d5 4.exd5 Qxd5 5.Nc3 Qd8 6.d4 Nf6 7.Bg5 Nc6 8.Bxf6 Qxf6
9.Ne4 Qf5 10.Bd3 Qd5 11.c4 Qd8 12.dxc5 Bxc5 13.Nxc5 Qa5+ 14.Qd2 Qxc5 15.O-O O-O
16.Rfe1 e5 17.Be4 Qxc4 18.Bd5 Qb4 19.Qd3 h6 20.a3 Qb6 21.Qc3  1/2-1/2

[Event "TCh-FRA"]
[Site "Monaco FRA"]
[Date "2001.02.04"]
[Round "3"]
[White "Brochet,P"]
[Black "Andersson,U"]
[Result "0-1"]
[WhiteElo "2369"]
[BlackElo "2640"]

1.e4 c5 2.Nf3 e6 3.Nc3 Nc6 4.Bb5 Nge7 5.O-O d6 6.Re1 Bd7 7.d4 cxd4 8.Nxd4 Nxd4
9.Bxd7+ Qxd7 10.Qxd4 Nc6 11.Qd3 Be7 12.Nb5 O-O 13.Nd4 Ne5 14.Qg3 Rac8 15.Re2 a6
16.b3 Rfe8 17.Bb2 Bf8 18.Rd1 b5 19.h4 Qe7 20.Ba3 Qc7 21.f4 Nd7 22.h5 h6 23.Bb2 Nf6
24.Qf3 Qc5 25.e5 Nd5 26.Kh2 Nc3 27.Bxc3 Qxc3 28.exd6 Bxd6 29.g3 Qc7 30.Qe4 Qc5
31.f5 exf5 32.Qxe8+ Rxe8 33.Rxe8+ Kh7 34.Kh3 f4 35.g4 Be5 36.Rd8 Qc3+ 37.Rd3 Qe1
38.Kg2 Bxd4 39.R3xd4 Qe2+  0-1

[Event "1st Masters"]
[Site "Pinamar ARG"]
[Date "2001.03.08"]
[Round "1"]
[White "Andersson,U"]
[Black "Roselli Mailhe,B"]
[Result "1-0"]
[WhiteElo "2640"]
[BlackElo "2400"]

1.Nf3 Nf6 2.c4 g6 3.g3 Bg7 4.Bg2 O-O 5.O-O d6 6.Nc3 e5 7.d4 Nbd7 8.e4 c6
9.Re1 Re8 10.h3 a5 11.b3 exd4 12.Nxd4 Nc5 13.Bf4 Nh5 14.Be3 Qe7 15.Qd2 Bd7
16.Rad1 Rad8 17.Bh6 Bxh6 18.Qxh6 Qf6 19.Qd2 Ng7 20.f4 Nh5 21.Kh2 h6 22.Nf3 Bc8
23.Qe3 Nd7 24.e5 dxe5 25.fxe5 Qh8 26.Qa7 Re7 27.Ne4 Rf8 28.Qxa5 Nxe5 29.Nxe5 Qxe5
30.Qxe5 Rxe5 31.Nf6+ Nxf6 32.Rxe5 Be6 33.Ra5 Rb8 34.Rd4 h5 35.Kg1 Kg7 36.Kf2 Bf5
37.Ra7 Be6 38.b4 b5 39.c5 Nd5 40.Ra6 Rc8 41.a4 bxa4 42.Bxd5 Bxd5 43.b5 Bb3
44.b6  1-0

[Event "1st Masters"]
[Site "Pinamar ARG"]
[Date "2001.03.09"]
[Round "2"]
[White "Van Riemsdijk,H"]
[Black "Andersson,U"]
[Result "1/2-1/2"]
[WhiteElo "2376"]
[BlackElo "2640"]

1.e4 c5 2.Nf3 e6 3.d4 cxd4 4.Nxd4 a6 5.Nc3 Qc7 6.g3 Nf6 7.Bg2 d6 8.O-O Be7
9.Re1 O-O 10.Be3 Nc6 11.Nxc6 bxc6 12.Na4 Rb8 13.c4 c5 14.b3 Bb7 15.Nc3 Nd7
16.f4 Rbd8 17.Qc2 Rfe8 18.Rad1 Bf6 19.Ne2 Nb8 20.Bd2 Nc6 21.Bc3 Bxc3 22.Qxc3 a5
23.Rd2 e5 24.f5 f6 25.g4 Nd4 26.Qg3 Qe7 27.Nc3 Bc6 28.Bf3 Rb8 29.Bd1 Rb4
30.Rd3 a4 31.Nb1 axb3 32.axb3 Ra8 33.Nd2 Ra2 34.h4 Rb8 35.Kf2 Qb7 36.Qe3 Kh8
37.Kg3 Rba8 38.Kh3 Ra1 39.g5 Qf7 40.Rg1 fxg5 41.Qxg5 Qf6 42.Qxf6 gxf6 43.Rdg3 Rf8
44.Bh5 Rxg1 45.Rxg1 Rg8 46.Ra1 Ra8 47.Rxa8+ Bxa8 48.Bf7 Bc6 49.Bh5 Kg7 50.Bd1 Kh6
51.Kg3 Bb7 52.Kg2 Bc6 53.Kg3 Be8 54.Kh3 Bd7 55.Kg3 Bc6 56.Kf2 Kg7 57.Ke3 Be8
58.Nf1 Kh6 59.Ng3 Nc6 60.Kd3 Kg7 61.Kc3 Nb4  1/2-1/2

[Event "1st Masters"]
[Site "Pinamar ARG"]
[Date "2001.03.10"]
[Round "3"]
[White "Andersson,U"]
[Black "Panno,O"]
[Result "1/2-1/2"]
[WhiteElo "2640"]
[BlackElo "2458"]

1.d4 Nf6 2.Nf3 e6 3.c4 b6 4.a3 c5 5.e3 g6 6.Nc3 Bg7 7.Be2 O-O 8.O-O Bb7 9.b4 d6
10.Bb2 Qe7 11.Qb3 Nbd7 12.Rfd1 cxd4 13.Nxd4 a6 14.a4 d5 15.cxd5 Nxd5 16.Bf3 Nxc3  1/2-1/2

[Event "1st Masters"]
[Site "Pinamar ARG"]
[Date "2001.03.11"]
[Round "4"]
[White "Hoffman,A"]
[Black "Andersson,U"]
[Result "1/2-1/2"]
[WhiteElo "2473"]
[BlackElo "2640"]

1.d4 Nf6 2.c4 e6 3.Nc3 Bb4 4.e3 c5 5.Bd3 Nc6 6.Ne2 d5 7.cxd5 Nxd5 8.O-O cxd4
9.exd4 O-O 10.a3 Be7 11.Bc2 Re8 12.Qd3 g6 13.Rd1  1/2-1/2

[Event "1st Masters"]
[Site "Pinamar ARG"]
[Date "2001.03.12"]
[Round "5"]
[White "Andersson,U"]
[Black "Hobaica,J"]
[Result "1-0"]
[WhiteElo "2640"]
[BlackElo "2306"]

1.d4 d5 2.c4 c6 3.Nf3 Nf6 4.Nc3 a6 5.cxd5 cxd5 6.Bf4 Nc6 7.Rc1 Ne4 8.Ne5 Nxc3
9.Rxc3 Bd7 10.e3 e6 11.a3 Rc8 12.Nd3 Na7 13.Rxc8 Qxc8 14.Be2 Be7 15.O-O O-O
16.a4 f6 17.Qb3 Bc6 18.Qb6 Qa8 19.Bg4 Kf7 20.Rc1 Bd8 21.Qb4 Be7 22.Bd6 Re8
23.Nf4 Bd8 24.Nd3 Nc8 25.Bg3 Be7 26.Qb3 Nd6 27.Nc5 Bf8 28.Qc2 g6 29.b3 Nf5
30.Bxf5 exf5 31.Qd1 Bxc5 32.Rxc5 b6 33.Rc1 Rc8 34.h4 Bd7 35.Kh2 Rxc1 36.Qxc1 Qc6
37.Qa3 h5 38.Bf4 b5 39.a5 Qc3 40.Qd6 Qc6 41.Qb8 Qc8 42.Qa7 Qc6 43.Bc7 Bc8
44.Bd6+ Qb7 45.Qc5 Be6 46.Bf4 Qc8 47.Qd6 Qb7 48.Bh6 Qc8 49.f3 Bd7 50.Kg1 Bc6
51.Kh1 Bd7 52.Kh2 Bc6 53.Bf4 Bb7 54.Bg3 Qc6 55.Qf4 Qc8 56.Be1 Qf8 57.Qc7+ Qe7
58.Qb8 Kg7 59.Bg3 Qd7 60.Be1 Qe7 61.Bb4 Qf7 62.Bd6 Bc6 63.Bc5 Kh7 64.Kg3 Kg7
65.Kf2 Kh7 66.Qd8 Kg7 67.Be7 Qe8 68.Qd6 Kh7 69.Bxf6 Kg8 70.Be5  1-0

[Event "1st Masters"]
[Site "Pinamar ARG"]
[Date "2001.03.13"]
[Round "6"]
[White "Garcia Palermo,C"]
[Black "Andersson,U"]
[Result "1-0"]
[WhiteElo "2470"]
[BlackElo "2640"]

1.e4 c5 2.b3 e6 3.Nf3 d6 4.Bb2 Nf6 5.Bb5+ Bd7 6.Qe2 Bxb5 7.Qxb5+ Qd7 8.Nc3 Nc6
9.O-O-O e5 10.h4 Be7 11.Rh3 Nd4 12.Qd3 Ne6 13.Qf1 O-O 14.Nh2 Rab8 15.g4 b5
16.g5 Nh5 17.Nd5 Nef4 18.Nxf4 Nxf4 19.Rg3 f5 20.exf5 Rxf5 21.Ng4 Qc6 22.Kb1 Rbf8
23.Qe1 Ng6 24.h5 Nf4 25.d4 cxd4 26.Bxd4 Nxh5 27.Rc3 Qb7 28.Be3 a6 29.Rcd3 Qe4
30.Qg1 Rc8 31.g6 Kh8 32.gxh7 Qc6 33.Nh6 Qxc2+ 34.Ka1 Rff8 35.Ng8 Bf6 36.Nxf6 Nxf6
37.Qg6 d5 38.Rg1 Qc7 39.Bc5 Rfe8 40.Rdg3 Qd7 41.Be3 Rc7 42.Bh6 Re6 43.Bxg7+ Qxg7
44.Qxg7+  1-0

[Event "1st Masters"]
[Site "Pinamar ARG"]
[Date "2001.03.14"]
[Round "7"]
[White "Andersson,U"]
[Black "Rodi,L"]
[Result "1-0"]
[WhiteElo "2640"]
[BlackElo "2225"]

1.Nf3 f5 2.d4 Nf6 3.g3 g6 4.Bg2 Bg7 5.O-O O-O 6.c4 d6 7.Nc3 Nc6 8.d5 Ne5
9.Qb3 h6 10.Nd4 a6 11.Bd2 Qe8 12.f4 Nf7 13.e3 Nd8 14.Rac1 Kh8 15.Rfe1 Rb8
16.Qc2 Qf7 17.b3 Bd7 18.Nf3 c6 19.e4 fxe4 20.Nxe4 Bf5 21.Nh4 cxd5 22.Nxf5 gxf5
23.Nxf6 Bxf6 24.cxd5 b5 25.Kh1 Bg7 26.Qc7 Rb7 27.Qa5 Bd4 28.Rc8 Rd7 29.Qxa6 Ra7
30.Qxb5 Rxa2 31.Qd3 Bf6 32.Be3 Qh5 33.b4 Kg7 34.Bd4 Nf7 35.Bxf6+ exf6 36.Rxf8 Kxf8
37.h3 Kg7 38.b5 Rb2 39.Kh2 Qg6 40.Rb1 Rxb1 41.Qxb1 Nd8 42.b6 Qf7 43.Qxf5 Qb7
44.Qb1  1-0

[Event "1st Masters"]
[Site "Pinamar ARG"]
[Date "2001.03.17"]
[Round "10"]
[White "Andersson,U"]
[Black "Szmetan,J"]
[Result "1-0"]
[WhiteElo "2640"]
[BlackElo "2394"]

1.Nf3 Nf6 2.c4 c5 3.Nc3 b6 4.g3 Bb7 5.Bg2 e6 6.O-O Be7 7.d4 cxd4 8.Qxd4 d6
9.b3 Nbd7 10.Rd1 a6 11.Ng5 Bxg2 12.Kxg2 Qc7 13.Nge4 Nxe4 14.Nxe4 O-O 15.Ba3 Qc6
16.f3 Nc5 17.Bb2 f6 18.Nf2 Rf7 19.Rac1 f5 20.Rc2 Rd8 21.Qe3 Bf6 22.b4 Qa4
23.Bxf6 Rxf6 24.Rb2 Nb7 25.Qxb6  1-0

[Event "Match"]
[Site "Skelleftea SWE"]
[Date "2001.04.11"]
[Round "2"]
[White "Andersson,U"]
[Black "Hansen,Cu"]
[Result "1/2-1/2"]
[WhiteElo "2640"]
[BlackElo "2619"]

1.Nf3 c5 2.c4 Nc6 3.Nc3 Nf6 4.g3 d5 5.cxd5 Nxd5 6.Bg2 Nc7 7.Qa4 Bd7 8.Qe4 g6
9.Ne5 Bg7 10.Nxd7 Qxd7 11.O-O Rc8 12.d3 O-O 13.Be3 Ne6 14.Rab1 Ned4 15.Qd5 Qxd5
16.Bxd5 Rfd8 17.Bg2 b6 18.Rfc1 e6 19.Kf1 h6 20.Bd2 Nb4 21.Be1 Nbc2 22.Bd2 Nb4
23.Be1 Nbc2 24.Bd2  1/2-1/2

[Event "Match"]
[Site "Skelleftea SWE"]
[Date "2001.04.12"]
[Round "3"]
[White "Hansen,Cu"]
[Black "Andersson,U"]
[Result "1/2-1/2"]
[WhiteElo "2619"]
[BlackElo "2640"]

1.e4 e6 2.d4 d5 3.Nd2 c5 4.exd5 exd5 5.Ngf3 Nc6 6.Bb5 Bd6 7.dxc5 Bxc5 8.O-O Ne7
9.Nb3 Bd6 10.Re1 O-O 11.Bg5 Qc7 12.c3 Bg4 13.h3 Bh5 14.Be2 a6 15.Nh4 Bxe2
16.Rxe2 Rad8 17.Qc2 h6 18.Bxe7 Bxe7 19.Nf3 Rd7 20.Rd1 Rfd8 21.Rd3 Bf8 22.Qd1 b5
23.a3 g6 24.Red2 Ne7 25.Nbd4 h5 26.Re2 Bg7 27.Qe1 Nc8 28.Ne5 Rd6 29.Rf3 Rf6
30.Nec6 Rf8 31.Nb4 Rxf3 32.Nxf3 Qd6 33.Qd1 Rd8 34.Qxd5 Qxd5 35.Nxd5 Rxd5
36.Re8+ Bf8 37.Rxc8 Rd1+ 38.Kh2 Rb1 39.Ne5 Kg7 40.f4 Bd6 41.Rc6 Bxe5 42.fxe5 Rxb2
43.Rxa6 Rb3 44.e6  1/2-1/2

[Event "Match"]
[Site "Skelleftea SWE"]
[Date "2001.04.14"]
[Round "4"]
[White "Andersson,U"]
[Black "Hansen,Cu"]
[Result "1/2-1/2"]
[WhiteElo "2640"]
[BlackElo "2619"]

1.Nf3 c5 2.c4 Nc6 3.Nc3 Nf6 4.g3 d5 5.cxd5 Nxd5 6.Nxd5 Qxd5 7.Bg2 e5 8.d3 Be7
9.O-O O-O 10.Be3 Qe6 11.Qb3 Rb8 12.Rfc1 b6 13.Qxe6 Bxe6 14.a3 Rfc8 15.Kf1 Bd5
16.Nd2 Bxg2+ 17.Kxg2 f6 18.Rc2 Bf8 19.Rac1 Ne7 20.Ne4 Rd8 21.g4 Nd5 22.h4 Be7
23.h5 Kf7 24.Nc3 Rb7 25.Nxd5 Rxd5 26.f3 Ke6 27.Bd2 Rd8 28.Kf2 Rbd7 29.a4 a5
30.Rc4 Rd4 31.b3 Bd6 32.Be3 Rxc4 33.bxc4 Bc7 34.Rh1 Rd7 35.Bc1 Rd8 36.Ke3 Rd7
37.Bb2 Rd8 38.Bc3 Bd6 39.Be1 Bc7 40.Bf2 Rd4 41.Kd2 Rd8 42.Bg3 Rd7 43.Rf1 Rd4
44.e3 Rd7 45.f4 exf4 46.Bxf4 Bxf4 47.Rxf4 g6 48.hxg6 hxg6 49.Rf1 Ke5 50.Rh1 f5
51.gxf5 Kxf5 52.Rf1+ Ke5 53.Rg1 Kf6 54.Ke2 g5 55.Rf1+ Kg6 56.e4 Rh7 57.Rf8  1/2-1/2

[Event "Match"]
[Site "Skelleftea SWE"]
[Date "2001.04.15"]
[Round "5"]
[White "Hansen,Cu"]
[Black "Andersson,U"]
[Result "1-0"]
[WhiteElo "2619"]
[BlackElo "2640"]

1.e4 e6 2.d4 d5 3.Nd2 c5 4.exd5 exd5 5.Ngf3 Nc6 6.Bb5 Bd6 7.dxc5 Bxc5 8.O-O Ne7
9.Nb3 Bd6 10.Re1 O-O 11.Bg5 Qc7 12.h3 h6 13.Bxe7 Nxe7 14.Bd3 a6 15.c3 Bd7
16.Nbd4 g6 17.Qc2 Rae8 18.Re3 Kg7 19.Rae1 Qb6 20.Ne5 Bxe5 21.Rxe5 Nc6 22.Nxc6 Bxc6
23.a3 d4 24.b4 Rxe5 25.Rxe5 dxc3 26.Qxc3 Kg8 27.Bc4 Re8 28.Qg3 Bb5 29.Bd5 Rxe5
30.Qxe5 Qd8 31.Bxb7 Qg5 32.Kh2 Qd2 33.Qe3 Qd6+ 34.g3 g5 35.Bf3 Kg7 36.Kg2 Qf6
37.Kh2 Bc6 38.Bxc6 Qxc6 39.Qd4+ f6 40.Qd3 h5 41.Qd1 Kg6 42.a4 Kh6 43.Qb3 h4
44.gxh4 gxh4 45.b5 axb5 46.axb5 Qc7+ 47.Kg2 Qg7+ 48.Kf1  1-0

[Event "Match"]
[Site "Skelleftea SWE"]
[Date "2001.04.16"]
[Round "6"]
[White "Andersson,U"]
[Black "Hansen,Cu"]
[Result "1/2-1/2"]
[WhiteElo "2640"]
[BlackElo "2619"]

1.d4 Nf6 2.c4 e6 3.Nf3 d5 4.Nc3 Be7 5.Bg5 O-O 6.e3 h6 7.Bh4 b6 8.Be2 Bb7
9.Bxf6 Bxf6 10.cxd5 exd5 11.b4 c6 12.O-O a5 13.a3 axb4 14.axb4 Qd6 15.Rxa8 Bxa8
16.Qb3 Nd7 17.Ra1 Bb7 18.Ne1 g6 19.Nd3 h5 20.Bf3 Kg7 21.g3 h4 22.Ra2 hxg3
23.hxg3 Rc8 24.Ne2 Be7 25.Nef4 Nf6 26.Ra7 Qb8 27.Ra1 Qd6 28.Ra7 Qb8 29.Ra1 Qd6  1/2-1/2

[Event "XXXVI Capablanca Mem Elite"]
[Site "Havana CUB"]
[Date "2001.05.08"]
[Round "4"]
[White "Andersson,U"]
[Black "Stefansson,H"]
[Result "1-0"]
[WhiteElo "2640"]
[BlackElo "2570"]

1.Nf3 Nf6 2.c4 b6 3.g3 Bb7 4.Bg2 e6 5.O-O Be7 6.Nc3 O-O 7.d4 Ne4 8.Qc2 Nxc3
9.Qxc3 c5 10.b3 Bf6 11.Bb2 d6 12.Rad1 Qe7 13.Rd2 Nd7 14.Qc2 Rac8 15.Qb1 Rfd8
16.Rfd1 a6 17.dxc5 dxc5 18.Bxf6 Nxf6 19.Ne5 Bxg2 20.Kxg2 Rxd2 21.Rxd2 Qc7
22.Qd3 h6 23.Qd6 Qb7+ 24.f3 b5 25.Kf2 bxc4 26.Nxc4 Nd5 27.e4 Nc3 28.Qb6 Qxb6
29.Nxb6 Rc6 30.Nc4 Rc8 31.Ke3 Rb8 32.h4 h5 33.Ne5 Rc8 34.Rc2 Nb5 35.Nd3 Rd8
36.Rxc5 Nd4 37.Nb4  1-0

[Event "XXXVI Capablanca Mem Elite"]
[Site "Havana CUB"]
[Date "2001.05.11"]
[Round "6"]
[White "Andersson,U"]
[Black "Arencibia,W"]
[Result "1/2-1/2"]
[WhiteElo "2640"]
[BlackElo "2543"]

1.Nf3 Nf6 2.c4 g6 3.g3 Bg7 4.Bg2 O-O 5.O-O d6 6.Nc3 c6 7.d4 Bf5 8.b3 Ne4
9.Bb2 Nxc3 10.Bxc3 Be4 11.e3 c5 12.Qe2 Nc6 13.Rfd1 a5 14.Rac1  1/2-1/2

[Event "ECC"]
[Site "Panormo GRE"]
[Date "2001.09.23"]
[Round "1"]
[White "Azmaiparashvili,Z"]
[Black "Andersson,U"]
[Result "0-1"]
[WhiteElo "2674"]
[BlackElo "2601"]

1.d4 Nf6 2.c4 e6 3.Nc3 Bb4 4.e3 c5 5.Bd3 Nc6 6.Nf3 Bxc3+ 7.bxc3 d6 8.e4 e5
9.d5 Ne7 10.Nh4 h6 11.f4 Ng6 12.Nxg6 fxg6 13.O-O O-O 14.Rb1 b6 15.f5 gxf5
16.exf5 e4 17.Be2 Nh7 18.g4 Ng5 19.Kg2 Qf6 20.Qe1 Ba6 21.Bf4 Rae8 22.Rb3 Rf7
23.Qg3 e3 24.Re1 Ne4 25.Qxe3 Rfe7 26.Ra3 Qh4 27.Bf3 Bxc4 28.Ra4 b5 29.Rxc4 bxc4
30.Rb1 Ng5 31.Bxg5 hxg5 32.Qf2 Qxf2+ 33.Kxf2 Re3 34.Rc1 Rd3 35.Rc2 Ree3 36.Be2 Rxc3
37.Rb2 Re5 38.Bf3 Rd3 39.Rb8+ Kf7 40.Ra8 Ra3  0-1

[Event "ECC"]
[Site "Panormo GRE"]
[Date "2001.09.24"]
[Round "2"]
[White "Berkvens,J"]
[Black "Andersson,U"]
[Result "1/2-1/2"]
[WhiteElo "2444"]
[BlackElo "2601"]

1.d4 Nf6 2.c4 e6 3.Nc3 d5 4.Nf3 Nbd7 5.Qc2 Be7 6.Bf4 c6 7.e3 O-O 8.Rc1 a6
9.c5 b6 10.cxb6 Qxb6 11.a3 Bb7 12.Na4 Qa7 13.Bd3 Rfc8 14.Ne5 h6 15.b4 Nxe5
16.Bxe5 a5 17.Nc5 axb4 18.axb4 Bxc5 19.bxc5 Qa5+ 20.Qd2 Qxd2+ 21.Kxd2 Ne4+
22.Bxe4 dxe4 23.Ra1 f6 24.Bd6 Kf7 25.Kc3 g5 26.h4 Kg6 27.hxg5 hxg5 28.Rhb1 Ba6
29.Bb8 Kf5 30.Rb6 Rcxb8 31.Rbxa6 Rxa6 32.Rxa6 Rc8 33.Kb4 e5 34.Kc4 exd4 35.exd4 g4
36.g3 e3 37.fxe3 Ke4 38.Ra1 f5 39.Rf1  1/2-1/2

[Event "ECC"]
[Site "Panormo GRE"]
[Date "2001.09.25"]
[Round "3"]
[White "Andersson,U"]
[Black "Hickl,J"]
[Result "1/2-1/2"]
[WhiteElo "2601"]
[BlackElo "2600"]

1.Nf3 d6 2.d4 Bg4 3.e4 Nf6 4.h3 Bh5 5.Nc3 e6 6.Be2 Be7 7.O-O O-O 8.Re1 c6
9.e5 dxe5 10.Nxe5 Bxe2 11.Nxe2 Nbd7 12.Bf4 Nxe5  1/2-1/2

[Event "ECC"]
[Site "Panormo GRE"]
[Date "2001.09.27"]
[Round "5"]
[White "Markos,J"]
[Black "Andersson,U"]
[Result "1/2-1/2"]
[WhiteElo "2479"]
[BlackElo "2601"]

1.d4 Nf6 2.c4 e6 3.Nf3 Bb4+ 4.Bd2 Bxd2+ 5.Qxd2 O-O 6.Nc3 d5 7.e3 Qe7 8.Rc1 Nbd7
9.cxd5 exd5 10.Bd3 c6 11.O-O Re8 12.Qc2 Nf8 13.Ne5 Ng4 14.Nxg4 Bxg4 15.Rce1 Rad8
16.a3 Bh5  1/2-1/2

[Event "ECC"]
[Site "Panormo GRE"]
[Date "2001.09.28"]
[Round "6"]
[White "Andersson,U"]
[Black "Nielsen,PH"]
[Result "1/2-1/2"]
[WhiteElo "2601"]
[BlackElo "2593"]

1.Nf3 d5 2.d4 Nf6 3.c4 e6 4.g3 dxc4 5.Qa4+ c6 6.Qxc4 b5 7.Qd3 Bb7 8.Bg2 Nbd7
9.O-O a6 10.Be3 c5  1/2-1/2

[Event "ECC"]
[Site "Panormo GRE"]
[Date "2001.09.29"]
[Round "7"]
[White "Nedev,T"]
[Black "Andersson,U"]
[Result "1/2-1/2"]
[WhiteElo "2514"]
[BlackElo "2601"]

1.e4 c5 2.Nf3 e6 3.Nc3 a6 4.d4 cxd4 5.Nxd4 Nc6 6.Be3 Nf6 7.Bd3 Qc7 8.O-O Bd6
9.f4 Bc5 10.Nf5 Bxe3+ 11.Nxe3 d6 12.Kh1 b6 13.Ng4 Nd7 14.f5 Nde5 15.fxe6 Bxe6
16.Nd5  1/2-1/2

[Event "Bundesliga 2001-2"]
[Site "Heiligenhaus GER"]
[Date "2001.11.24"]
[Round "3"]
[White "Sadler,M"]
[Black "Andersson,U"]
[Result "1/2-1/2"]
[WhiteElo "2631"]
[BlackElo "2601"]

1.b3 Nf6 2.Bb2 g6 3.Nf3 Bg7 4.e3 O-O 5.c4 c5 6.Be2 Nc6 7.O-O b6 8.d3 Bb7
9.Nbd2 e6 10.a3 Qe7 11.Qb1 Rfd8 12.Re1 d5 13.Ne5 Nxe5 14.Bxe5 Ne8 15.Bxg7 Nxg7
16.cxd5 Rxd5 17.Qb2 Rad8 18.b4 Ba6 19.b5 Bb7 20.a4 Ne8 21.a5 Qc7 22.Rec1 R5d7
23.Ne4 Re7 24.axb6 axb6 25.Ra7 f6 26.f4 Rdd7 27.Rca1 Kf7 28.R1a3 Nd6  1/2-1/2